logo

Bir Sreshtho Munshi Abdur Rouf Library
Jhenaidah Cadet College

Electrical engineer's reference book : (Record no. 9966)

MARC details
000 -LEADER
fixed length control field 00825nam a2200289 a 4500
001 - CONTROL NUMBER
JCCL Control Number 9966
003 - CONTROL NUMBER IDENTIFIER
JCCL marc code BD-JhCC
005 - DATE AND TIME OF LATEST TRANSACTION
control field 20180403195645.0
008 - FIXED-LENGTH DATA ELEMENTS--GENERAL INFORMATION
fixed length control field 930402s1985 enka 000 0 eng d
020 ## - INTERNATIONAL STANDARD BOOK NUMBER
International Standard Book Number 0408004320
035 ## - SYSTEM CONTROL NUMBER
system control number (BD-JhCC)9966
040 ## - CATALOGING SOURCE
Original cataloging agency BD-JhCC
Modifying agency BD-JhCC
041 ## - LANGUAGE CODE
Language code of Book eng
050 #0 - LIBRARY OF CONGRESS CALL NUMBER
Classification number TK145
082 ## - DEWEY DECIMAL CLASSIFICATION NUMBER
Classification number 621.3
DDC Edition number 19
Author mark and Year ELE1985
245 00 - TITLE STATEMENT
Title Electrical engineer's reference book :
Remainder of title Fourteenth Edition /
Statement of responsibility, etc M. A. Laughton & M. G. Say
250 ## - EDITION STATEMENT
Edition statement 14th ed. /
260 ## - PUBLICATION, DISTRIBUTION, ETC. (IMPRINT)
Place of publication, distribution, etc Guildford :
Name of publisher, distributor, etc Butterworths,
Date of publication, distribution, etc 1985.
300 ## - PHYSICAL DESCRIPTION
Pagination Various Pages :
Other physical details ill. ;
Dimensions 25 cm.
500 ## - GENERAL NOTE
General note Previous ed.: 1973.
504 ## - BIBLIOGRAPHY, ETC. NOTE
Bibliography, etc Includes bibliography and index.
650 #0 - SUBJECT ADDED ENTRY--TOPICAL TERM
Topical term or geographic name as entry element Electrical engineering.
700 1# - ADDED ENTRY--PERSONAL NAME
Personal name Laughton, M. A.
700 1# - ADDED ENTRY--PERSONAL NAME
Personal name Say, M. G.
Fuller form of name (Maurice George),
Dates associated with a name 1902-
942 ## - ADDED ENTRY ELEMENTS (KOHA)
Source of classification or shelving scheme Dewey Decimal Classification
Koha item type Books
Holdings
Source of classification or shelving scheme Damaged status Not for loan Home library Current library Shelving location Date of accession Total Checkouts Full call number Barcode Date last seen Copy number Koha item type
Dewey Decimal Classification     JCC Rouf Library JCC Rouf Library General Stacks 03/04/2018   621.3 ELE1985 12874 04/03/2018 C-1 Books

JCC Library | Contacts | JCC Home

Last Update on 23 September 2017
Copyright @ 2017-2020 JCC Rouf Library
Rouf Library, Jhenidah Cadet College (JCC), Bangladesh